<?xml version="1.0" encoding="UTF-8"?><?xml-stylesheet type="text/xsl" href="static/style.xsl"?><OAI-PMH xmlns="http://www.openarchives.org/OAI/2.0/" xmlns:xsi="http://www.w3.org/2001/XMLSchema-instance" xsi:schemaLocation="http://www.openarchives.org/OAI/2.0/ http://www.openarchives.org/OAI/2.0/OAI-PMH.xsd"><responseDate>2026-04-17T02:28:52Z</responseDate><request verb="GetRecord" identifier="oai:www.recercat.cat:10230/27809" metadataPrefix="marc">https://recercat.cat/oai/request</request><GetRecord><record><header><identifier>oai:recercat.cat:10230/27809</identifier><datestamp>2025-12-20T20:24:01Z</datestamp><setSpec>com_2072_6</setSpec><setSpec>col_2072_452954</setSpec></header><metadata><record xmlns="http://www.loc.gov/MARC21/slim" xmlns:dcterms="http://purl.org/dc/terms/" xmlns:xsi="http://www.w3.org/2001/XMLSchema-instance" xmlns:doc="http://www.lyncode.com/xoai" xsi:schemaLocation="http://www.loc.gov/MARC21/slim http://www.loc.gov/standards/marcxml/schema/MARC21slim.xsd">
   <leader>00925njm 22002777a 4500</leader>
   <datafield ind2=" " ind1=" " tag="042">
      <subfield code="a">dc</subfield>
   </datafield>
   <datafield ind2=" " ind1=" " tag="720">
      <subfield code="a">Pascual Peñas, Mariona</subfield>
      <subfield code="e">author</subfield>
   </datafield>
   <datafield ind2=" " ind1=" " tag="260">
      <subfield code="c">2016-12-21T11:47:37Z</subfield>
   </datafield>
   <datafield ind2=" " ind1=" " tag="260">
      <subfield code="c">2016-12-21T11:47:37Z</subfield>
   </datafield>
   <datafield ind2=" " ind1=" " tag="260">
      <subfield code="c">2016-12-21</subfield>
   </datafield>
   <datafield ind2=" " ind1=" " tag="520">
      <subfield code="a">Treball de fi de màster en Estudis del Discurs: Comunicació, Societat i Aprenentatge</subfield>
   </datafield>
   <datafield ind2=" " ind1=" " tag="520">
      <subfield code="a">Aquesta investigació busca donar compte del tractament de la literatura al batxillerat a diversos nivells de l’educació: des de la legislació i el currículum fins als llibres de text i l’aplicació a les aules, es portarà a terme una valoració de l’empar i el tractament de la literatura tant a Catalunya com a les Illes Balears. En plasmar en paral·lel dos sistemes de programació es poden observar millor les avantatges o les mancances d’un i altre enfocament. Amb aquest confrontament s’ha pogut observar que a tots els nivells hi ha elements que propicien un empitjorament de la qualitat del tractament de la literatura: la legislació la invisibilitza, el currículum és difús i poc concret en aquest àmbit i el deixa relegat en segon terme en detriment de la promoció de les habilitats de comprensió lectora. A més, els llibres no responen a les necessitats educatives del professorat i condicionen un tractament superficial i descriptiu de la teoria. Així mateix, tot i els esforços del professorat, aquest ha evidenciat els problemes que es troben en el dia a dia, així com aspectes positius tant d’un com l’altre sistema.</subfield>
   </datafield>
   <datafield tag="653" ind2=" " ind1=" ">
      <subfield code="a">Currículums (Ensenyament) -- Planificació -- Catalunya</subfield>
   </datafield>
   <datafield tag="653" ind2=" " ind1=" ">
      <subfield code="a">Currículums (Ensenyament) -- Planificació -- Illes Balears</subfield>
   </datafield>
   <datafield tag="653" ind2=" " ind1=" ">
      <subfield code="a">Literatura -- Ensenyament secundari -- Catalunya</subfield>
   </datafield>
   <datafield tag="653" ind2=" " ind1=" ">
      <subfield code="a">Literatura -- Ensenyament secundari -- Illes Balears</subfield>
   </datafield>
   <datafield ind2="0" ind1="0" tag="245">
      <subfield code="a">Tractament de la literatura catalana en el batxillerat de Catalunya i les Illes Balears:  Estudi comparat de la legislació, currículum, llibres de text i aplicació a les aules.</subfield>
   </datafield>
</record></metadata></record></GetRecord></OAI-PMH>